[Event "II. CLANSKA LIGA ZAHOD 2021"]
[Site "Komenda"]
[Date "2021.11.28"]
[Round "3.4"]
[White "Keber, Aljosa"]
[Black "Pavlin, Ivan"]
[Result "1/2-1/2"]
[WhiteElo "1160"]
[BlackElo "1821"]
[PlyCount "69"]
[EventDate "2021.11.28"]
[WhiteTeam "SK KOMENDA"]
[BlackTeam "SD SIJ ACRONI JESENICE"]

1. e4 e6 2. Nf3 c5 3. d4 cxd4 4. Nxd4 a6 5. Nc3 d6 6. Be3 Nf6 7. f3 Qc7 8. Qd2
Nc6 9. O-O-O Ne5 10. g4 Nc4 11. Bxc4 Qxc4 12. e5 Nd5 13. Nxd5 Qxd5 14. exd6
Bxd6 15. Nf5 Qxd2+ 16. Rxd2 exf5 17. Rxd6 fxg4 18. fxg4 O-O 19. g5 Be6 20. Rhd1
Rac8 21. a4 Bf5 22. c3 Rfe8 23. Bb6 Bg4 24. R1d2 Re1+ 25. Kc2 Bf5+ 26. Kb3 Be6+
27. Kc2 Bf5+ 28. Kb3 Rce8 29. Rd8 h6 30. gxh6 gxh6 31. Rxe8+ Rxe8 32. Rd8 Rxd8
33. Bxd8 Kg7 34. Kb4 Bg6 35. Kc5 1/2-1/2

[Event "II. CLANSKA LIGA ZAHOD 2021"]
[Site "Komenda"]
[Date "2021.11.28"]
[Round "3.5"]
[White "Ravnik, Franc"]
[Black "Babarovic, Fran"]
[Result "0-1"]
[WhiteElo "1831"]
[BlackElo "1108"]
[PlyCount "106"]
[EventDate "2021.11.28"]
[WhiteTeam "SD SIJ ACRONI JESENICE"]
[BlackTeam "SK KOMENDA"]

1. e4 e5 2. Nf3 Nc6 3. Bb5 Bc5 4. O-O d6 5. c3 a6 6. Ba4 b5 7. Bb3 Bg4 8. h3
Bh5 9. d3 Nf6 10. Be3 Bxe3 11. fxe3 O-O 12. Nbd2 Na5 13. Bc2 c5 14. Qe1 Qd7 15.
Nh4 Bg6 16. Ndf3 Rab8 17. Nxg6 fxg6 18. d4 Nc6 19. Rd1 Qa7 20. Qg3 Nh5 21. Qg4
Rbe8 22. a4 Kh8 23. Ng5 cxd4 24. exd4 exd4 25. Kh2 dxc3 26. bxc3 Ne5 27. Qe2
Nf4 28. Qd2 Nc4 29. Qf2 Qxf2 30. Rxf2 Ne3 31. Rxd6 Nxc2 32. Rxc2 bxa4 33. Rxa6
Ra8 34. Rxa8 Rxa8 35. Ra2 Nd3 36. Nf3 a3 37. Nd2 Nc1 38. Ra1 a2 39. c4 Nd3 40.
Nb1 Nb4 41. Nc3 Ra3 42. Nxa2 Rxa2 43. Rb1 Ra4 44. c5 Kg8 45. Rd1 Ra7 46. Rd4
Nc6 47. Rd6 Rc7 48. Kg3 Kf7 49. Kf4 Ne7 50. e5 Rxc5 51. e6+ Kf6 52. g4 g5+ 53.
Ke4 Re5+ 0-1

[Event "II. CLANSKA LIGA ZAHOD 2021"]
[Site "Komenda"]
[Date "2021.11.28"]
[Round "3.6"]
[White "Kern, Anze"]
[Black "Kokalj, Janez"]
[Result "0-1"]
[WhiteElo "1500"]
[BlackElo "1864"]
[PlyCount "64"]
[EventDate "2021.11.28"]
[WhiteTeam "SK KOMENDA"]
[BlackTeam "SD SIJ ACRONI JESENICE"]

1. d4 e5 2. dxe5 d6 3. Nf3 Bg4 4. Bf4 Nc6 5. Nc3 f6 6. exd6 cxd6 7. Qd2 Bxf3 8.
exf3 Ne5 9. Bb5+ Nc6 10. O-O-O g5 11. Bxd6 Bxd6 12. Qxd6 Qxd6 13. Rxd6 Ke7 14.
Rhd1 Ne5 15. Ne2 Nh6 16. f4 gxf4 17. Nxf4 Nf5 18. Ne2 Nxd6 19. Ba4 Rhd8 20. h3
Rac8 21. Nc3 b5 22. Bb3 Ndc4 23. Re1 Kf8 24. Nxb5 Na5 25. Nxa7 Nxb3+ 26. axb3
Nd3+ 27. Kb1 Nxe1 28. Nxc8 Rxc8 29. g4 Rxc2 30. Ka2 Rxf2 31. Ka3 Nd3 32. Ka4
Rxb2 0-1

[Event "II. CLANSKA LIGA ZAHOD 2021"]
[Site "Komenda"]
[Date "2021.11.28"]
[Round "4.1"]
[White "Markun, Ozbej"]
[Black "Rodman, Franc"]
[Result "1/2-1/2"]
[WhiteElo "1929"]
[BlackElo "2046"]
[PlyCount "40"]
[EventDate "2021.11.28"]
[WhiteTeam "SS TOMO ZUPAN KRANJ"]
[BlackTeam "SD JESENICE"]

1. e4 e5 2. Nf3 Nc6 3. Bc4 Nf6 4. d3 Be7 5. O-O O-O 6. Re1 d6 7. a4 Be6 8. Nbd2
Bxc4 9. Nxc4 h6 10. c3 Re8 11. Qb3 Qc8 12. Bd2 Bf8 13. Ne3 Rb8 14. Rad1 a6 15.
Qc2 Qe6 16. Nf5 Ne7 17. Ne3 Nc6 18. Nf5 Ne7 19. Ne3 Nc6 20. Nf5 Ne7 1/2-1/2

[Event "II. CLANSKA LIGA ZAHOD 2021"]
[Site "Komenda"]
[Date "2021.11.28"]
[Round "4.4"]
[White "Pavlin, Ivan"]
[Black "Planinsek, Bojan"]
[Result "1/2-1/2"]
[WhiteElo "1821"]
[BlackElo "1735"]
[PlyCount "52"]
[EventDate "2021.11.28"]
[WhiteTeam "SD JESENICE"]
[BlackTeam "SS TOMO ZUPAN KRANJ"]

1. d4 d5 2. c4 e6 3. Nc3 Nf6 4. e3 b6 5. Nf3 Bb7 6. Be2 Be7 7. O-O O-O 8. a3 c5
9. dxc5 Bxc5 10. b4 Be7 11. Bb2 Nbd7 12. Rc1 Re8 13. h3 Rc8 14. cxd5 Nxd5 15.
Nxd5 Bxd5 16. Qd2 Nf6 17. Bd4 Ne4 18. Qb2 Bf6 19. Bxf6 Qxf6 20. Qxf6 Nxf6 21.
Ba6 Rxc1 22. Rxc1 Re7 23. Rc8+ Ne8 24. Bb5 Kf8 25. Ng5 f6 26. Nf3 Kf7 1/2-1/2

[Event "II. CLANSKA LIGA ZAHOD 2021"]
[Site "Komenda"]
[Date "2021.11.28"]
[Round "4.5"]
[White "Bobnar, Samo"]
[Black "Ravnik, Franc"]
[Result "1-0"]
[WhiteElo "1542"]
[BlackElo "1831"]
[PlyCount "61"]
[EventDate "2021.11.28"]
[WhiteTeam "SS TOMO ZUPAN KRANJ"]
[BlackTeam "SD JESENICE"]

1. e4 c5 2. c3 Nc6 3. d4 cxd4 4. cxd4 d5 5. e5 e6 6. Nf3 Bb4+ 7. Bd2 Nge7 8.
Bd3 Qb6 9. a3 Bxd2+ 10. Qxd2 O-O 11. O-O f5 12. Qc3 Bd7 13. Nbd2 Rac8 14. Qc5
Qd8 15. Qd6 Rc7 16. Rac1 b6 17. a4 Nc8 18. Qa3 Qe7 19. Qc3 Qd8 20. b4 Rb7 21.
Ba6 Rb8 22. Nb3 Qe7 23. Bb5 Nd8 24. Bxd7 Qxd7 25. Qc7 Qxc7 26. Rxc7 Rf7 27.
Rfc1 Rxc7 28. Rxc7 h6 29. Nh4 Nf7 30. Ng6 a6 31. Rxc8+ 1-0

[Event "II. CLANSKA LIGA ZAHOD 2021"]
[Site "Komenda"]
[Date "2021.11.28"]
[Round "4.6"]
[White "Kokalj, Janez"]
[Black "Bobnar, Vid"]
[Result "0-1"]
[WhiteElo "1864"]
[BlackElo "1835"]
[PlyCount "80"]
[EventDate "2021.11.28"]
[WhiteTeam "SD JESENICE"]
[BlackTeam "SS TOMO ZUPAN KRANJ"]

1. e4 e5 2. Nf3 Nc6 3. d4 Nxd4 4. Nxd4 exd4 5. Qxd4 Qf6 6. c3 b6 7. e5 Qc6 8.
Bd3 Bb7 9. f3 Qe6 10. Qf4 Ne7 11. O-O Ng6 12. Qg3 Bc5+ 13. Kh1 O-O 14. f4 Qe7
15. b4 Nh4 16. Rf3 Nxf3 17. gxf3 Bxb4 18. cxb4 Qxb4 19. Ba3 Qd4 20. Bxf8 Rxf8
21. Nc3 Qxd3 22. Ne4 Bxe4 23. fxe4 Qxe4+ 24. Qg2 Qxg2+ 25. Kxg2 f6 26. Rd1 fxe5
27. fxe5 Re8 28. Rxd7 Rxe5 29. Kf3 h6 30. Rxc7 Ra5 31. Rc2 h5 32. Rg2 Kh7 33.
Ke3 Kh6 34. Kd3 h4 35. Kc3 g5 36. Kb3 Kg6 37. Rc2 Kf5 38. h3 Kf4 39. Rg2 Re5
40. Rg4+ Kf5 0-1

[Event "II. CLANSKA LIGA ZAHOD 2021"]
[Site "Komenda"]
[Date "2021.11.28"]
[Round "4.1"]
[White "Luzar, Emil"]
[Black "Lever, Erwan"]
[Result "0-1"]
[WhiteElo "2128"]
[BlackElo "2228"]
[PlyCount "56"]
[EventDate "2021.11.28"]
[WhiteTeam "SK DOLENJSKE TOPLICE"]
[BlackTeam "SK LJUBLJANA"]

1. e4 c5 2. Nc3 e6 3. f4 d5 4. Nf3 d4 5. Nb1 Nf6 6. Bb5+ Bd7 7. Bxd7+ Qxd7 8.
d3 Nc6 9. a4 Be7 10. Nbd2 O-O 11. O-O Qc7 12. Nc4 b6 13. Qe1 a6 14. Qg3 b5 15.
Nce5 Nb4 16. axb5 Nxc2 17. Rxa6 Rxa6 18. bxa6 c4 19. Ng5 cxd3 20. Nxd3 h6 21.
e5 Nd5 22. Ne4 Qc6 23. f5 exf5 24. Rxf5 Nce3 25. Bxe3 Nxe3 26. Rf4 Qxa6 27.
Nf6+ Kh8 28. Rxd4 Nf5 0-1

[Event "II. CLANSKA LIGA ZAHOD 2021"]
[Site "Komenda"]
[Date "2021.11.28"]
[Round "4.3"]
[White "Janko, Roman"]
[Black "Persl, Bojan"]
[Result "*"]
[WhiteElo "1833"]
[BlackElo "2073"]
[PlyCount "94"]
[EventDate "2021.11.28"]
[WhiteTeam "SK DOLENJSKE TOPLICE"]
[BlackTeam "SK LJUBLJANA"]

1. e4 e5 2. Bc4 Nc6 3. Qh5 g6 4. Qf3 Qf6 5. c3 Bg7 6. d3 Qxf3 7. Nxf3 Nge7 8.
Be3 Na5 9. Bb5 a6 10. Ba4 b5 11. Bc2 Bb7 12. b4 Nac6 13. a4 O-O 14. Bb3 Rfd8
15. Ke2 h6 16. axb5 axb5 17. Na3 d5 18. Nxb5 d4 19. cxd4 exd4 20. Bd2 Rac8 21.
Rhe1 g5 22. Na7 Ra8 23. Nxc6 Bxc6 24. Bc4 Rxa1 25. Rxa1 Ra8 26. Rxa8+ Bxa8 27.
b5 Nc8 28. Bb4 Nb6 29. Nd2 Be5 30. h3 h5 31. Bb3 Kg7 32. Nc4 Nxc4 33. Bxc4 Bb7
34. Bd2 Kf6 35. g3 g4 36. hxg4 hxg4 37. f4 gxf3+ 38. Kxf3 Bc8 39. Bf4 Bd7 40.
g4 Bxf4 41. Kxf4 Kg6 42. g5 Be8 43. e5 Bd7 44. Ke4 Kxg5 45. Kxd4 Kf5 46. b6
cxb6 47. Bxf7 Bc6 *

[Event "II. CLANSKA LIGA ZAHOD 2021"]
[Site "Komenda"]
[Date "2021.11.28"]
[Round "4.4"]
[White "Zmavc, Mark"]
[Black "Turkovic, Igor"]
[Result "1-0"]
[WhiteElo "1891"]
[BlackElo "1782"]
[PlyCount "55"]
[EventDate "2021.11.28"]
[WhiteTeam "SK DOLENJSKE TOPLICE"]
[BlackTeam "SK LJUBLJANA"]

1. d4 Nf6 2. c4 c5 3. Nf3 g6 4. Nc3 cxd4 5. Nxd4 Bg7 6. e4 d6 7. Be2 O-O 8. O-O
Nc6 9. Be3 Bd7 10. f3 a6 11. Qd2 Rb8 12. a4 Re8 13. Nxc6 bxc6 14. a5 Be6 15.
Rfd1 Qc8 16. Na4 c5 17. Nb6 Qc7 18. Rab1 Nd7 19. Nxd7 Bxd7 20. b4 Rxb4 21. Rxb4
cxb4 22. Qxb4 Qc6 23. c5 dxc5 24. Bxc5 Rc8 25. Bxe7 Qc2 26. Qd2 Ba4 27. Qxc2
Bxc2 28. Rd8+ 1-0

[Event "II. CLANSKA LIGA ZAHOD 2021"]
[Site "Komenda"]
[Date "2021.11.28"]
[Round "4.5"]
[White "Kregulj, Andrej"]
[Black "Marinko, Peter"]
[Result "0-1"]
[WhiteElo "1655"]
[BlackElo "1825"]
[PlyCount "76"]
[EventDate "2021.11.28"]
[WhiteTeam "SK DOLENJSKE TOPLICE"]
[BlackTeam "SK LJUBLJANA"]

1. d4 Nf6 2. Bf4 c5 3. e3 Qb6 4. Nc3 a6 5. Rb1 d6 6. Nf3 g6 7. Bg5 Bg7 8. Bxf6
Bxf6 9. Nd5 Qa5+ 10. c3 Bg7 11. Qb3 cxd4 12. exd4 Be6 13. Bc4 b5 14. Ne3 Bxc4
15. Nxc4 Qc7 16. Ne3 O-O 17. O-O e6 18. Rfe1 Nd7 19. Ng4 h5 20. Ne3 Nb6 21. Re2
Nc4 22. Rbe1 Rfe8 23. Nd5 Qb7 24. Nf4 d5 25. Qc2 Nd6 26. Ng5 Nf5 27. h3 Bh6 28.
Ngxe6 fxe6 29. Rxe6 Rxe6 30. Rxe6 Qg7 31. g4 hxg4 32. hxg4 Nh4 33. Nh3 Qf7 34.
Qe2 Ra7 35. g5 Nf3+ 36. Kg2 Nxg5 37. Qg4 Nxe6 38. Qxg6+ Qxg6+ 0-1

[Event "II. CLANSKA LIGA ZAHOD 2021"]
[Site "Komenda"]
[Date "2021.11.28"]
[Round "4.6"]
[White "Sfiligoj, Anze"]
[Black "Voglar, Peter"]
[Result "0-1"]
[WhiteElo "1728"]
[BlackElo "2046"]
[PlyCount "84"]
[EventDate "2021.11.28"]
[WhiteTeam "SK LJUBLJANA"]
[BlackTeam "SK DOLENJSKE TOPLICE"]

1. e4 c5 2. Nf3 d6 3. d4 cxd4 4. Nxd4 a6 5. Be3 e5 6. Nb3 Be6 7. Nc3 Nf6 8. f3
Be7 9. Be2 Qc7 10. Qd2 Nbd7 11. O-O Nb6 12. Bxb6 Qxb6+ 13. Kh1 O-O 14. Rfd1
Rac8 15. Nd5 Nxd5 16. exd5 Bd7 17. a4 h6 18. a5 Qa7 19. Bd3 f5 20. Rf1 Bf6 21.
c4 Rce8 22. Qc2 Be7 23. Nd2 Qd4 24. b4 Bg5 25. Nb3 Qh4 26. g3 Qh3 27. c5 Rc8
28. Qe2 Be7 29. Rfc1 e4 30. Bxa6 bxa6 31. Qxa6 f4 32. Qf1 Qf5 33. c6 Be8 34.
gxf4 Qxf4 35. Rc4 Bh5 36. fxe4 Bf3+ 37. Kg1 Bh4 38. Rc2 Qe3+ 39. Rf2 Rf6 40.
Raa2 Rg6+ 41. Qg2 Rxg2+ 42. Kf1 Rxf2+ 0-1

[Event "II. CLANSKA LIGA ZAHOD 2021"]
[Site "Komenda"]
[Date "2021.11.28"]
[Round "4.4"]
[White "Torkar, Boris"]
[Black "Solmajer, Luka"]
[Result "0-1"]
[WhiteElo "1802"]
[BlackElo "1986"]
[PlyCount "63"]
[EventDate "2021.11.28"]
[WhiteTeam "SD RADOVLJICA"]
[BlackTeam "SK RIMEX ILIRSKA BISTRICA"]

1. d4 f5 2. c4 g6 3. Nc3 Nf6 4. Bf4 Bg7 5. e3 O-O 6. Nf3 d6 7. Be2 e6 8. O-O c6
9. h3 Qe7 10. Rc1 Nbd7 11. c5 dxc5 12. dxc5 e5 13. Bc4+ Kh8 14. Bg3 Qxc5 15.
Be6 Qe7 16. Bb3 h6 17. Nh4 Kh7 18. Bc2 Nc5 19. f3 Nd5 20. Nxd5 cxd5 21. f4 e4
22. b4 Na6 23. Qxd5 Be6 24. Qa5 Nxb4 25. Bb1 b6 26. Qa4 Bf6 27. Bxe4 Bd7 28.
Rc7 Bxa4 29. Rxe7+ Bxe7 30. Bxa8 Rxa8 31. Rc1 Bc5 32. Rd1 0-1

[Event "II. CLANSKA LIGA ZAHOD 2021"]
[Site "Komenda"]
[Date "2021.11.28"]
[Round "4.5"]
[White "Rolih, Miran"]
[Black "Blaznik, Vojko"]
[Result "1-0"]
[WhiteElo "1891"]
[BlackElo "1678"]
[PlyCount "39"]
[EventDate "2021.11.28"]
[WhiteTeam "SK RIMEX ILIRSKA BISTRICA"]
[BlackTeam "SD RADOVLJICA"]

1. e4 e5 2. Nf3 Nc6 3. Bc4 h6 4. O-O Nf6 5. d4 exd4 6. e5 Ng4 7. h3 Ngxe5 8.
Nxe5 Nxe5 9. Re1 Qf6 10. Qxd4 d6 11. f4 Be7 12. fxe5 dxe5 13. Qxe5 Qxe5 14.
Rxe5 Kf8 15. Nc3 Bf6 16. Re2 c6 17. Bf4 g5 18. Be5 Kg7 19. Rf1 h5 20. Rxf6 1-0

[Event "II. CLANSKA LIGA ZAHOD 2021"]
[Site "Komenda"]
[Date "2021.11.28"]
[Round "4.6"]
[White "Marosevic, Igor"]
[Black "Bradac, Simon"]
[Result "0-1"]
[WhiteElo "1526"]
[BlackElo "1576"]
[PlyCount "62"]
[EventDate "2021.11.28"]
[WhiteTeam "SD RADOVLJICA"]
[BlackTeam "SK RIMEX ILIRSKA BISTRICA"]

1. e4 c6 2. Nc3 d5 3. Nf3 dxe4 4. Nxe4 Nf6 5. Nxf6+ exf6 6. Bc4 Bd6 7. Qe2+ Qe7
8. Qxe7+ Kxe7 9. Nd4 a6 10. O-O Rd8 11. Nf3 c5 12. Kh1 Nc6 13. Bd3 Kf8 14. c3
Bf4 15. Bc2 Bg4 16. d4 Bxc1 17. Raxc1 cxd4 18. Nxd4 Nxd4 19. cxd4 Rxd4 20. f3
Be6 21. Bb3 Bxb3 22. axb3 Rd2 23. Rb1 Rc8 24. h3 Rcc2 25. Rg1 Rxb2 26. Rbc1
Rdc2 27. Rxc2 Rxc2 28. Rb1 Ke7 29. Re1+ Kd6 30. Re8 Rc3 31. Rd8+ Ke7 0-1

[Event "II. CLANSKA LIGA ZAHOD 2021"]
[Site "Komenda"]
[Date "2021.12.04"]
[Round "5.1"]
[White "Trussevich, Sergey"]
[Black "Sajn, Simon"]
[Result "1-0"]
[WhiteElo "2188"]
[BlackElo "2121"]
[PlyCount "117"]
[EventDate "2021.12.04"]
[WhiteTeam "SK LJUBLJANA"]
[BlackTeam "SK RIMEX ILIRSKA BISTRICA"]

1. c4 Nf6 2. Nf3 e6 3. Nc3 d5 4. cxd5 exd5 5. d4 c6 6. Qc2 Bd6 7. Bg5 Nbd7 8.
e3 O-O 9. Bd3 h6 10. Bh4 Re8 11. O-O Nf8 12. Rab1 a5 13. a3 Bg4 14. Nd2 Bh5 15.
Rfe1 Bg6 16. Bf5 Bxf5 17. Qxf5 Be7 18. b4 axb4 19. axb4 Qd7 20. Qc2 Ng6 21.
Bxf6 Bxf6 22. Na4 Qg4 23. h3 Qe6 24. Nc5 Qe7 25. b5 cxb5 26. Qb3 b6 27. Nd3 Ra3
28. Qxb5 Rd8 29. Nb4 Qd6 30. Rec1 Ne7 31. Nc6 Rda8 32. Nxe7+ Bxe7 33. Rc6 Qd7
34. Rxb6 Qf5 35. Rb7 Ra2 36. Nf3 Bf6 37. Rb8+ Rxb8 38. Qxb8+ Kh7 39. Qb3 Ra3
40. Qd1 Qd7 41. Qc2+ g6 42. Qb2 Ra7 43. Qb6 Kg7 44. Qb3 Qf5 45. Rc1 h5 46. Qc2
Ra1 47. Qb2 Rxc1+ 48. Qxc1 g5 49. Ne1 g4 50. Qc2 Qe6 51. Nd3 gxh3 52. Nf4 Qg4
53. Nxh3 Bg5 54. Qc7 Qf5 55. Qg3 Kh6 56. Qd6+ Kh7 57. Qg3 Be7 58. Qe5 Qg6 59.
Qxe7 1-0

[Event "II. CLANSKA LIGA ZAHOD 2021"]
[Site "Komenda"]
[Date "2021.12.04"]
[Round "5.2"]
[White "Cibej, Marjan"]
[Black "Lever, Erwan"]
[Result "1/2-1/2"]
[WhiteElo "2028"]
[BlackElo "2228"]
[PlyCount "129"]
[EventDate "2021.12.04"]
[WhiteTeam "SK RIMEX ILIRSKA BISTRICA"]
[BlackTeam "SK LJUBLJANA"]

1. e4 c5 2. b4 cxb4 3. Bb2 d5 4. exd5 Qxd5 5. d4 Nf6 6. Nf3 e6 7. Be2 Nc6 8.
O-O Be7 9. a3 O-O 10. axb4 Bxb4 11. c4 Qd6 12. Na3 Rd8 13. Qb1 b6 14. Nb5 Qe7
15. Ne5 Bb7 16. Bf3 Nxe5 17. dxe5 Ne8 18. Bxb7 Qxb7 19. Ra4 a5 20. Ba3 Bxa3 21.
Rxa3 Qc6 22. Rh3 h6 23. Qc1 Qc5 24. Qf4 Rac8 25. Re3 Rd7 26. g4 Qe7 27. Qg3 Rd2
28. h4 Rcd8 29. g5 h5 30. g6 fxg6 31. Qxg6 Qf7 32. Qg3 Rd1 33. Rf3 Rxf1+ 34.
Kxf1 Rd1+ 35. Kg2 Qe7 36. Qg6 Rc1 37. Rg3 Rxc4 38. Nd6 Nxd6 39. exd6 Qb7+ 40.
f3 Qf7 41. Qd3 Rc8 42. Rg5 Rd8 43. Rb5 Qf4 44. Rxb6 Qxh4 45. d7 Qg5+ 46. Kf2
Qf5 47. Qd1 h4 48. Rb7 Qh3 49. Ke2 Qh2+ 50. Ke3 Qe5+ 51. Kf2 Qg3+ 52. Ke3 h3
53. Qb3 Qe5+ 54. Kf2 Qd4+ 55. Kg3 Qg1+ 56. Kxh3 Kf7 57. Rb8 Rxd7 58. Qb5 Qh1+
59. Kg3 Qe1+ 60. Kh3 Qh1+ 61. Kg3 Qg1+ 62. Kh3 Ke7 63. Qxa5 Qh1+ 64. Kg3 Qg1+
65. Kh3 1/2-1/2

[Event "II. CLANSKA LIGA ZAHOD 2021"]
[Site "Komenda"]
[Date "2021.12.04"]
[Round "5.3"]
[White "Trussevich, Simon"]
[Black "Raspor, Gregor"]
[Result "1-0"]
[WhiteElo "2138"]
[BlackElo "2011"]
[PlyCount "169"]
[EventDate "2021.12.04"]
[WhiteTeam "SK LJUBLJANA"]
[BlackTeam "SK RIMEX ILIRSKA BISTRICA"]

1. Nf3 Nf6 2. c4 e6 3. e3 d5 4. b3 Bd6 5. Bb2 O-O 6. Be2 b6 7. O-O Bb7 8. d3
Nbd7 9. Nbd2 Qe7 10. Qc2 c5 11. Rac1 Rac8 12. Qb1 Rfe8 13. Rfd1 e5 14. cxd5
Nxd5 15. h3 Bb8 16. a3 Nf8 17. Re1 Ng6 18. Bd1 Qd7 19. Bc2 Rcd8 20. Ba1 a5 21.
Rcd1 Qc7 22. Qb2 f6 23. Qb1 Nf8 24. Rc1 Qd7 25. Red1 Qe7 26. Nc4 Bc7 27. Re1
Qf7 28. Ncd2 Kh8 29. Ne4 h6 30. Rcd1 Bb8 31. Nfd2 f5 32. Ng3 f4 33. Nge4 fxe3
34. fxe3 Qh5 35. Rc1 Qh4 36. Nf3 Qe7 37. Bb2 Nf6 38. Rcd1 Nxe4 39. dxe4 Rxd1
40. Qxd1 Ng6 41. Rf1 Rf8 42. Qe1 Bd6 43. Rf2 Ba6 44. a4 c4 45. bxc4 Bxc4 46.
Bc3 Bc5 47. Kh2 Rd8 48. Rd2 Rxd2 49. Qxd2 Qd6 50. Qf2 Bb4 51. Ba1 Qe6 52. Qg3
Bd6 53. h4 Ne7 54. Bxe5 Bxe5 55. Qxe5 Qxe5+ 56. Nxe5 Be2 57. Bd3 Bd1 58. Bb5
Bc2 59. Nf7+ Kg8 60. Nd6 Ng6 61. Kg3 Ne5 62. Nc8 Nd3 63. Nxb6 Nc5 64. e5 Bb3
65. Kf4 Kf7 66. Nc4 Bxa4 67. Bxa4 Nxa4 68. Nxa5 Nc5 69. Nc6 g6 70. Nd4 Nd3+ 71.
Ke4 Nf2+ 72. Kd5 Ng4 73. e6+ Ke7 74. Ke4 Nf6+ 75. Ke5 Ng4+ 76. Kf4 Nf6 77. e4
Nh5+ 78. Ke5 Ng3 79. Nc6+ Ke8 80. Kf6 g5 81. e5 gxh4 82. e7 Ne4+ 83. Kg6 h3 84.
gxh3 Ng5 85. h4 1-0

[Event "II. CLANSKA LIGA ZAHOD 2021"]
[Site "Komenda"]
[Date "2021.12.04"]
[Round "5.4"]
[White "Solmajer, Luka"]
[Black "Srebrnic, Vojko"]
[Result "1-0"]
[WhiteElo "1986"]
[BlackElo "2141"]
[PlyCount "83"]
[EventDate "2021.12.04"]
[WhiteTeam "SK RIMEX ILIRSKA BISTRICA"]
[BlackTeam "SK LJUBLJANA"]

1. d4 Nf6 2. c4 d6 3. Nf3 g6 4. g3 Bg7 5. Bg2 O-O 6. O-O Nbd7 7. Nc3 c6 8. b3
Re8 9. h3 e5 10. e4 exd4 11. Nxd4 Nc5 12. Re1 a5 13. Rb1 Nfd7 14. f4 Nf8 15.
Be3 Nfe6 16. Qd2 Nxd4 17. Bxd4 Bxd4+ 18. Qxd4 Ne6 19. Qd2 Qf6 20. Rbd1 h5 21.
e5 dxe5 22. Ne4 Qe7 23. fxe5 Kg7 24. Rf1 Rf8 25. Nd6 Nd8 26. Qc3 Be6 27. Rd2 h4
28. g4 Qg5 29. Rf6 c5 30. Ne4 Qh6 31. Nxc5 Rb8 32. Nd7 Bxd7 33. Rxd7 Qg5 34.
Bd5 Kh6 35. e6 Nc6 36. Rfxf7 Rxf7 37. exf7 Ne5 38. Rxb7 Rf8 39. Rb5 Qf4 40.
Rxa5 Nxf7 41. Bxf7 Qxf7 42. Qe3+ 1-0

[Event "II. CLANSKA LIGA ZAHOD 2021"]
[Site "Komenda"]
[Date "2021.12.04"]
[Round "5.5"]
[White "Zmavc, Mark"]
[Black "Rolih, Miran"]
[Result "1-0"]
[WhiteElo "1891"]
[BlackElo "1891"]
[PlyCount "66"]
[EventDate "2021.12.04"]
[WhiteTeam "SK LJUBLJANA"]
[BlackTeam "SK RIMEX ILIRSKA BISTRICA"]

1. d4 Nf6 2. c4 c5 3. Nf3 g6 4. Nc3 Bg7 5. e4 cxd4 6. Nxd4 Nc6 7. Be3 d6 8. Be2
O-O 9. O-O Bd7 10. Qd2 Ng4 11. Bxg4 Bxg4 12. Nd5 Rc8 13. Rac1 Re8 14. b3 a6 15.
f3 Bd7 16. Rfd1 Ne5 17. Rc2 h5 18. Rdc1 h4 19. h3 f6 20. f4 Nc6 21. Nf3 Rb8 22.
Nxh4 Kf7 23. Qf2 Rh8 24. c5 dxc5 25. Bxc5 Rh5 26. Nb6 Be6 27. f5 gxf5 28. exf5
Bc8 29. Rd2 Qh8 30. Ng6 Qh7 31. Nxc8 Rxc8 32. Rd7 Re8 33. Qf3 Ne5 1-0

[Event "II. CLANSKA LIGA ZAHOD 2021"]
[Site "Komenda"]
[Date "2021.12.04"]
[Round "5.6"]
[White "Bradac, Simon"]
[Black "Marinko, Peter"]
[Result "0-1"]
[WhiteElo "1576"]
[BlackElo "1825"]
[PlyCount "82"]
[EventDate "2021.12.04"]
[WhiteTeam "SK RIMEX ILIRSKA BISTRICA"]
[BlackTeam "SK LJUBLJANA"]

1. c4 b6 2. Nf3 Nf6 3. g3 Bb7 4. Bg2 e6 5. O-O Be7 6. b3 O-O 7. Bb2 d6 8. Nc3
Ne4 9. Nd4 Nxc3 10. Bxc3 Bxg2 11. Kxg2 d5 12. e3 Bf6 13. Qf3 c6 14. cxd5 exd5
15. Rac1 Qd7 16. Nf5 Bxc3 17. Rxc3 g6 18. Nh6+ Kg7 19. Ng4 f6 20. h3 h5 21. Nh2
Na6 22. Rfc1 Rac8 23. d4 Qe6 24. Qe2 Nb8 25. Nf3 Rc7 26. b4 Rfc8 27. Ne1 Nd7
28. Nd3 Qd6 29. Qf3 Nf8 30. Nf4 Rd7 31. a3 Kf7 32. Qe2 Re7 33. Qc2 Rec7 34. Qd3
Rd7 35. Qc2 Rdc7 36. Qb3 Ne6 37. Nxe6 Qxe6 38. f3 f5 39. Re1 Re7 40. Qc2 Qd6
41. Rc1 Rcc7 0-1

[Event "II. CLANSKA LIGA ZAHOD 2021"]
[Site "Komenda"]
[Date "2021.12.04"]
[Round "5.1"]
[White "Jeraj, Zlatko"]
[Black "Luzar, Emil"]
[Result "1-0"]
[WhiteElo "1994"]
[BlackElo "2128"]
[PlyCount "72"]
[EventDate "2021.12.04"]
[WhiteTeam "SD SIJ ACRONI JESENICE"]
[BlackTeam "SK DOLENJSKE TOPLICE"]

1. d4 Nf6 2. Nf3 d6 3. c4 g6 4. Nc3 Bg7 5. e4 O-O 6. Be2 e5 7. O-O exd4 8. Nxd4
Re8 9. Bf3 Nbd7 10. Bg5 h6 11. Bh4 g5 12. Bg3 Nc5 13. Nf5 Bxf5 14. exf5 Qd7 15.
Qc2 g4 16. Be2 h5 17. f3 a5 18. fxg4 Rxe2 19. Qxe2 Re8 20. Qd2 Nxg4 21. Qg5 Nf6
22. Nd5 Nfe4 23. Qxh5 Nxg3 24. hxg3 Bd4+ 25. Kh1 Ne4 26. Kh2 f6 27. Rae1 c6 28.
Rf4 cxd5 29. Rg4+ Kf8 30. Qh6+ Ke7 31. Rg7+ Kd8 32. Rxd7+ Kxd7 33. cxd5 Bf2 34.
Rc1 Re7 35. Qh8 Bc5 36. g4 Ng5 {nejasno (48)} 1-0

[Event "II. CLANSKA LIGA ZAHOD 2021"]
[Site "Komenda"]
[Date "2021.12.04"]
[Round "5.2"]
[White "Stubljar, Andrej"]
[Black "Pazlar, Marko"]
[Result "0-1"]
[WhiteElo "2022"]
[BlackElo "2029"]
[PlyCount "54"]
[EventDate "2021.12.04"]
[WhiteTeam "SK DOLENJSKE TOPLICE"]
[BlackTeam "SD SIJ ACRONI JESENICE"]

1. d4 e6 2. Nd2 f5 3. e4 d5 4. exf5 exf5 5. Bd3 Nf6 6. Ne2 Bd6 7. Nf3 O-O 8.
Bg5 Be6 9. Ne5 c5 10. Nf4 Qc8 11. O-O Ne4 12. Bxe4 fxe4 13. Nxe6 Qxe6 14. f4
cxd4 15. Qxd4 Nc6 16. Nxc6 bxc6 17. c4 h6 18. cxd5 Qxd5 19. Qxd5+ cxd5 20. Bh4
Bxf4 21. Rad1 Be3+ 22. Kh1 Rxf1+ 23. Rxf1 Rc8 24. Be7 d4 25. b4 d3 26. g3 Rc1
27. Kg2 d2 0-1

[Event "II. CLANSKA LIGA ZAHOD 2021"]
[Site "Komenda"]
[Date "2021.12.04"]
[Round "5.3"]
[White "Pavlin, Ivan"]
[Black "Pucelj, Joze"]
[Result "1/2-1/2"]
[WhiteElo "1821"]
[BlackElo "2030"]
[PlyCount "62"]
[EventDate "2021.12.04"]
[WhiteTeam "SD SIJ ACRONI JESENICE"]
[BlackTeam "SK DOLENJSKE TOPLICE"]

1. d4 Nf6 2. c4 c5 3. e3 g6 4. Nf3 Bg7 5. Nc3 O-O 6. Be2 cxd4 7. exd4 d5 8. c5
Nc6 9. O-O Ne4 10. Be3 e5 11. dxe5 Nxc3 12. bxc3 Nxe5 13. Nxe5 Bxe5 14. Bd4 Qc7
15. g3 Be6 16. Re1 Rfd8 17. Bf3 Bg7 18. Rb1 Rac8 19. Qa4 a6 20. Rb6 Bf8 21.
Reb1 Bxc5 22. Rxb7 Qc6 23. Qxc6 Rxc6 24. Bf6 Re8 25. Rb8 Rec8 26. Be5 Bf8 27.
Rxc8 Rxc8 28. Rd1 Rc5 29. Kg2 Bg7 30. Bd4 Bxd4 31. Rxd4 Kg7 1/2-1/2

[Event "II. CLANSKA LIGA ZAHOD 2021"]
[Site "Komenda"]
[Date "2021.12.04"]
[Round "5.4"]
[White "Janko, Roman"]
[Black "Ravnik, Franc"]
[Result "1-0"]
[WhiteElo "1833"]
[BlackElo "1831"]
[PlyCount "85"]
[EventDate "2021.12.04"]
[WhiteTeam "SK DOLENJSKE TOPLICE"]
[BlackTeam "SD SIJ ACRONI JESENICE"]

1. e4 e5 2. Bc4 Nc6 3. Qh5 g6 4. Qf3 Qf6 5. c3 Bg7 6. d3 Nge7 7. b4 a6 8. Qg3
b5 9. Bb3 a5 10. bxa5 Nxa5 11. Bc2 O-O 12. Ne2 Bb7 13. O-O d5 14. a4 bxa4 15.
Rxa4 dxe4 16. dxe4 Bc6 17. Rb4 Rab8 18. Bd3 Nb7 19. f3 Nc5 20. Bc4 Qd6 21. Rxb8
Rxb8 22. Ba3 Bb5 23. Bxb5 Rxb5 24. c4 Rb3 25. Qf2 Rxa3 26. Nxa3 Nd3 27. Qa7 Nc6
28. c5 Nxc5 29. Qa8+ Bf8 30. Nb5 Qd3 31. Qxc6 Qe3+ 32. Kh1 Nd3 33. Qc2 Nf2+ 34.
Rxf2 Qxf2 35. Qd1 c5 36. Nbc3 c4 37. Qg1 Qh4 38. g3 Qf6 39. Kg2 Qc6 40. Qd1 Bb4
41. Qd8+ Kg7 42. Qd5 Qc7 43. Nb5 1-0